000 00328nam a2200145Ia 4500
008 191201s2006 xx 000 0 und d
082 _a658.15
_bKEM
100 _aKEAT, P
245 0 _aManagerial Economics
250 _a1st
260 _aN.Delhi
_bPearson Education
_c2006
300 _a592
650 _aMBA
942 _2ddc
_cBK
999 _c2668
_d2668